2.Bundesliga Teams 24/25 - Sudden Death - Statistiken

Allgemein
  • Dieses Quiz wurde 5.043 mal gespielt
  • Das Durchschnittsergebnis liegt bei 9 aus 18
Answers on the Grid
Answers color-coded by a green-red scale on the quiz's grid according to % correct below.
Hannover 96
Hamburger SV
SC Paderborn
Fortuna Düsseldorf
Karlsruher SC
SV Elversberg
1.FC Nürnberg
1.FC Köln
1.FC Magdeburg
1.FC Kaiserslautern
Hertha BSC
SV Darmstadt
SpVvg Fürth
FC Schalke
Eintracht Braunschweig
Preußen Münster
SSV Ulm
Jahn Regensburg
Hansa Rostock
Dynamo Dresden
1.FC Heidenheim
VFL Bochum
Union Berlin
FC St.Pauli
Holstein Kiel
FC Ingolstadt
VFL Osnabrück
SV Sandhausen
RW Essen
MSV Duisburg
FC Augsburg
SV Wehen Wiesbaden
Energie Cottbus
1.FC Saarbrücken
Erzgebirge Aue
1860 München
 
Antwortstatistiken
Antwort % Korrekt
FC Schalke
56%
1.FC Nürnberg
54%
Hertha BSC
54%
Hannover 96
53%
1.FC Kaiserslautern
52%
Fortuna Düsseldorf
52%
SV Elversberg
51%
1.FC Magdeburg
50%
Hamburger SV
50%
Karlsruher SC
49%
SC Paderborn
49%
1.FC Köln
48%
SpVvg Fürth
48%
SV Darmstadt
48%
Eintracht Braunschweig
47%
Preußen Münster
44%
SSV Ulm
41%
Jahn Regensburg
37%
Keine übereinstimmenden Quizze gefunden
Verteilung der Resultate
Anzahl Personen mit jedem Resultat
Perzentil nach korrekt beantworteten Fragen
Ihre Resultats-Entwicklung
Sie haben dieses Quiz noch nicht gespielt